000 00658nam a22002057a 4500
999 _c9688
_d9688
003 GBCCL
005 20241126110717.0
008 230501b ||||| |||| 00| 0 eng d
020 _a9788184580716
020 _a8184580711
040 _cGBC
082 _a222.4306
_bIGN
100 _aIgnatius, Peter
_916840
245 _aKing Saul : a villain or a hero? :
_brevisiting the character of Saul
260 _aDelhi :
_bIndian Society for Promoting Christian Knowledge,
_c2008
300 _a xx, 150 pages ;
_c22 cm
650 _aBible.
_vSamuel, 1st
_916841
650 _aBible.
_vSamuel, 1st
_xCriticism, interpretation, etc
_916842
942 _2ddc
_cBK
_06